Degradácia mikropolutantov-antiflogistiká v odpadných vodách
Gespeichert in:
| 1. Verfasser: | |
|---|---|
| Weitere Verfasser: | |
| Format: | Manuskript Buch |
| Sprache: | Slowakisch |
| Veröffentlicht: |
2016
|
| Schlagworte: | |
| Online-Zugang: | http://is.stuba.sk/zp/portal_zp.pl?podrobnosti=113546 |
| Tags: |
Keine Tags, Fügen Sie das erste Tag hinzu!
|
MARC
| LEADER | 00000ntm a22000003a 4500 | ||
|---|---|---|---|
| 001 | stuzp58315 | ||
| 003 | SK-STU | ||
| 005 | 20160719155526.9 | ||
| 007 | ta | ||
| 008 | 150427s2015----xo-----f-mn---000-0-slo-d | ||
| 040 | |a STU |b slo | ||
| 041 | 0 | |a slo | |
| 100 | 1 | |a Gazdová, Katarína |u 042120 |4 aut |U FCHPT Ústav anorganickej chémie, technológie a materiálov |T FCHPT Oddelenie anorganickej technológie |X 65846 |U C2120 |Y 111 |7 65846 | |
| 242 | 0 | 1 | |a Degradation of micropollutants - anti-inflammatory drugs in sewage water. |y eng |
| 245 | 1 | 0 | |a Degradácia mikropolutantov-antiflogistiká v odpadných vodách |
| 260 | |c 2016 | ||
| 650 | 4 | |a železan |2 slo | |
| 650 | 4 | |a diklofenak |2 slo | |
| 650 | 4 | |a odpadové vody |2 slo | |
| 650 | 4 | |a diclofenac |2 eng | |
| 650 | 4 | |a ferrate |2 eng | |
| 650 | 4 | |a sewage water |2 eng | |
| 700 | 1 | |a Híveš, Ján |u 042000 |k Z1 |4 ths |U FCHPT Fakulta chemickej a potravinárskej technológie |T FCHPT Ústav anorganickej chémie, technológie a materiálov |X 3380 |U C2000 |Y 1 |7 A000003380 | |
| 856 | 4 | |u http://is.stuba.sk/zp/portal_zp.pl?podrobnosti=113546 | |
| SQL | |a stuzp58315 |b DBP |c SLO |d Degradácia mikropolutantov-antiflogistiká v odpadných vodách |e 65846 |f Gazdová, Katarína |g 042120 |h 3380 |i Híveš, Ján |j 20160711 |k 753 |l 04 |m http://is.stuba.sk/zp/portal_zp.pl?podrobnosti=113546 |n B-CHEMAT |o 4.1.14. chémia, 5.2.18. chemické technológie | ||